Population Geography/ (Record no. 189451)

MARC details
000 -LEADER
fixed length control field 00496nam a22001817a 4500
005 - DATE AND TIME OF LATEST TRANSACTION
control field 20220701113137.0
010 ## - LCCN (DPL NO)
LC control number ENG-133278
020 ## - INTERNATIONAL STANDARD BOOK NUMBER
International Standard Book Number 9789384294625
Terms of availability 195.00
035 ## - SYSTEM CONTROL NUMBER
System control number EN-116810
037 ## - SOURCE OF ACQUISITION
Source of stock number/acquisition DBAD/PUB
082 ## - DEWEY DECIMAL CLASSIFICATION NUMBER
Classification number 304.6
100 ## - MAIN ENTRY--PERSONAL NAME
Personal name Roy, Debjani
245 ## - TITLE STATEMENT
Title Population Geography/
Statement of responsibility, etc Debjani Roy
260 ## - PUBLICATION, DISTRIBUTION, ETC. (IMPRINT)
Place of publication, distribution, etc Kolkata
Name of publisher, distributor, etc Arunabha Sen
Date of publication, distribution, etc 2015
270 ## - ADDRESS
Address 8/1, Chintamoni Das Lane
City Kolkata
Postal code 700009
300 ## - PHYSICAL DESCRIPTION
Extent 243p.
Dimensions 24cm(pbk)
942 ## - ADDED ENTRY ELEMENTS (KOHA)
Source of classification or shelving scheme Dewey Decimal Classification
Item type English Books
Classification part 304.6
Call number suffix ROY
Holdings
Withdrawn status Lost status Not for loan Collection code Home library Current library Date acquired Source of acquisition Cost, normal purchase price Full call number Barcode Copy number Cost, replacement price Koha item type
      Non-fiction Ashok Vihar Ashok Vihar 01/07/2022 DBAD/PUB 195.00 304.6 ROY EN-116810 1 195.00 English Books

© Delhi Public Library
Hit Counter
free hit counter